| 000 | 01619cam a22004097a 4500 | ||
|---|---|---|---|
| 003 | CHAP | ||
| 005 | 20220817043359.0 | ||
| 008 | 971013s1969 r 00010 d | ||
| 010 | _a73815 | ||
| 011 | _a74787 | ||
| 035 | _a84346 | ||
| 040 | _cCHAP | ||
| 082 |
_a333.91 _bB3 |
||
| 100 | 0 | 0 |
_aBarrera Islas, Daniel. _910394 |
| 245 | 0 | _aAnálisis económico del uso del agua y la mano de obra en el sector ejidal de la Comarca Lagunera | |
| 260 |
_aChapingo, Méx. : _bENA. Colegio de Postgraduados. Centro de Economía Agrícola, _c1969 |
||
| 300 | _a72 p. | ||
| 490 | 0 |
_aSerie de Investigaciones técnicas _v; 4 |
|
| 590 |
_aBATCH-UPD _b10 _c20130109 _lUCH01 _h2328 |
||
| 590 |
_aBATCH-UPD _b10 _c20130110 _lUCH01 _h0724 |
||
| 590 |
_aBATCH-UPD _b10 _c20130410 _lUCH01 _h0408 |
||
| 590 |
_aBATCH-UPD _b10 _c20130913 _lUCH01 _h2123 |
||
| 590 |
_aBATCH-UPD _b10 _c20141001 _lUCH01 _h1311 |
||
| 590 |
_aCONVERSION _b10 _c20130109 _lUCH01 _h1340 |
||
| 650 | 1 | 4 |
_aAgricultura _xTrabajadores _xComarca Lagunera. _91852 |
| 650 | 1 | 4 |
_aAgua _xAprovechamiento _zComarca Lagunera. _92309 |
| 650 | 1 | 4 |
_aAgua _xUtilización. _92401 |
| 650 | 1 | 4 |
_aEjidos _xComarca Lagunera. _936012 |
| 700 | 0 |
_aWinkelmann, Donald L. _9122276 |
|
| 830 | 0 |
_aSerie de Investigaciones técnicas _v; 4 |
|
| 901 | _aBK | ||
| 942 | _cLIBRO | ||
| 949 |
_a333.91 B3 _bBC _cLIBRO _d33724000333670 _eLIBRO _fc.3 _h13488 _i84346 _mD _si |
||
| 949 |
_a333.91 B3 _bBC _cLIBRO _d33724000333688 _eLIBRO _h13486 _i84346 _mD _si |
||
| 949 |
_a333.91 B3 _bBC _cLIBRO _d33724000333696 _eLIBRO _fc.2 _h13487 _i84346 _mD _si |
||
| 949 |
_a333.91 B3 _bBC _cUACH _d-39638 _eLIBRO _fc.4 _h29915 _i84346 _mD _si |
||
| 999 |
_c73815 _d73815 |
||